000 00620nam a22002057a 4500
005 20251108171018.0
008 250721s1983 xx 000 0 ara d
082 1 4 _a370.15/هول
100 1 _aهولس، ستيوارت ه
245 1 0 _aسيكولوجية التعلم /
264 1 _aنيويورك :
_bدار ماكجروهيل للنشر،
_c1983.
300 _a559ص
650 1 7 _aعلم النفس التربوي
700 1 _aاجث، هوارد
700 1 _aديز، جيمس
700 1 _aأبو حطب، فؤاد
_eترجمة
700 1 _aصادق، ىمال
942 _2ddc
_cBK
999 _c54357
_d54357